000 00500nam a22001817a 4500
003 OSt
005 20250628151707.0
008 250628b |||||||| |||| 00| 0 eng d
020 _a9788126462773
040 _cSBCL
082 _a894.8123
_bMAD-Y
100 _aV.S Khandekar
245 _aYayati
260 _aKottayam
_bDC Books
_c1980
300 _a440p.,21cm
650 _2Literature & rhetoric
_aLiteratures of other languages
_vAltaic, Uralic, Hyperborean & Dravidian
_xFiction
942 _cBOOK
999 _c137177
_d137177